000
00199nam a2200085 4500
001
1253891
005
20251103150521.0
245
_a
VE PERDE İNDİ
_c
AGATHA CHRISTIE
260
_b
ALTIN KİTAPLAR YAYINLARI
999
_c
1253891
_d
1253891